LIBRARY & INFORMATION CENTRE, KCAET, TAVANUR

ONLINE PUBLIC ACCESS CATALOGUE (OPAC)

Elementary Engineering Drawing / (Record no. 8749)

MARC details
000 -LEADER
fixed length control field 00351cam a2200145ua 4500
082 ## - DEWEY DECIMAL CLASSIFICATION NUMBER
Classification number 604.2
Item number BHA/EL
100 ## - MAIN ENTRY--AUTHOR NAME
Personal name Bhatt, N D.
245 ## - TITLE STATEMENT
Title Elementary Engineering Drawing /
250 ## - EDITION STATEMENT
Edition statement 44 /
260 ## - PUBLICATION, DISTRIBUTION, ETC. (IMPRINT)
Place of publication New Delhi :
Name of publisher Charotar Book Stall ,
Year of publication 2006.
300 ## - PHYSICAL DESCRIPTION
Number of Pages 491 ; .
500 ## - GENERAL NOTE
General note *CSS
700 1# - ADDED ENTRY--PERSONAL NAME
Personal name Panchal, V.M .
942 ## - ADDED ENTRY ELEMENTS (KOHA)
Koha item type Books
Holdings
Withdrawn status Lost status Damaged status Home library Current library Date acquired Full call number Accession Number Koha item type Shelving location Cost, normal purchase price
      KAUAET KAUAET 07/04/2012 604.2 21287 Books    
      KAUAET KAUAET 07/04/2012 604.2 14297 Books    
      KAUAET KAUAET 07/04/2012 604.2 17885 Books Scheme  
      KAUAET KAUAET 07/04/2012 604.2 14296 Books    
      KAUAET KAUAET 11/02/1986 604.2 14844 Books    
      KAUAET KAUAET 07/04/2012 604.2 14295 Books    
Withdrawn     KAUAET KAUAET 07/04/2012 604.2 7635 Books   13.50
      KAUAET KAUAET 07/04/2012 604.2 18243 Books Scheme  
      KAUAET KAUAET 07/04/2012 604.2 21288 Books    
      KAUAET KAUAET 07/04/2012 604.2 21289 Books    
      KAUAET KAUAET 07/04/2012 604.2 21290 Books    
      KAUAET KAUAET 07/04/2012 604.2 14590 Books    
      KAUAET KAUAET 31/08/2018 604.2 BHA/EL 18244 Books Scheme  
      KAUAET KAUAET 31/08/2018 604.2 BHA/EL 17884 Books Scheme  
free website counter